[Event "Liga Madrileña - DH 2013-2014"]
[Site "Madrid ESP"]
[Date "2014.01.11"]
[Round "5.12"]
[White "Vazquez Igarza, Renier"]
[Black "Espinosa Aranda, Angel"]
[Result "1/2-1/2"]
[WhiteElo "2588"]
[BlackElo "2387"]
[PlyCount "73"]
[EventDate "2013.11.18"]
[EventType "team-tourn"]
[EventRounds "14"]
[EventCountry "ESP"]
[Source "lmi"]
[SourceDate "2013.11.18"]
[WhiteTeam "Collado Villalba"]
[BlackTeam "64 Villalba"]
[WhiteTeamCountry "ESP"]
[BlackTeamCountry "ESP"]

1. Nf3 d5 2. d4 Nf6 3. c4 dxc4 4. Nc3 c6 5. a4 Bf5 6. Ne5 e6 7. f3 c5 8. e4 Bg6
9. Be3 cxd4 10. Qxd4 Qxd4 11. Bxd4 Nfd7 12. Nxd7 Nxd7 13. Bxc4 a6 14. Rd1 Rc8
15. Ba2 Rg8 16. O-O Bc5 17. f4 Ke7 18. f5 Bh5 19. Rd2 Rgd8 20. h3 exf5 21. exf5
f6 22. Nd5+ Ke8 23. Re1+ Ne5 24. Bxc5 Rxc5 25. g4 Bf7 26. Nxf6+ gxf6 27. Bxf7+
Ke7 28. Rxd8 Kxd8 29. Rd1+ Ke7 30. Bb3 b5 31. Kg2 bxa4 32. Bxa4 Rc4 33. Ra1 Rb4
34. Ra2 Rd4 35. b3 Kf8 36. Rc2 Kg7 37. Rc8 1/2-1/2

[Event "Liga Madrileña - DH 2013-2014"]
[Site "Madrid ESP"]
[Date "2014.01.11"]
[Round "5.13"]
[White "Rioboo de la Riva, Alvaro"]
[Black "Arribas Lopez, Angel"]
[Result "0-1"]
[WhiteElo "2282"]
[BlackElo "2488"]
[PlyCount "93"]
[EventDate "2013.11.18"]
[EventType "team-tourn"]
[EventRounds "14"]
[EventCountry "ESP"]
[Source "lmi"]
[SourceDate "2013.11.18"]
[WhiteTeam "64 Villalba"]
[BlackTeam "Collado Villalba"]
[WhiteTeamCountry "ESP"]
[BlackTeamCountry "ESP"]

1. e4 e6 2. d4 d5 3. Nc3 Nf6 4. Bg5 Bb4 5. Nge2 dxe4 6. a3 Be7 7. Bxf6 Bxf6 8.
Nxe4 Nc6 9. c3 Be7 10. b4 O-O 11. f4 b6 12. g3 f5 13. Nf2 Qd5 14. Rg1 Bb7 15.
Bg2 Qd7 16. Nd3 a5 17. Ne5 Qe8 18. b5 Nd8 19. a4 Bxg2 20. Rxg2 Bf6 21. Nc4 Rb8
22. Qb3 c6 23. Nd6 Qd7 24. Nxf5 cxb5 25. axb5 Nf7 26. Ne3 Kh8 27. Rd1 Nd6 28.
c4 Ra8 29. Nc3 g5 30. c5 gxf4 31. cxd6 fxe3 32. Ne4 Bg7 33. Qd3 Rf5 34. Rc1
Raf8 35. Rc7 Rf1+ 36. Qxf1 Rxf1+ 37. Kxf1 Qxb5+ 38. Ke1 Qb1+ 39. Ke2 Qxe4 40.
Rc8+ Bf8 41. Rxf8+ Kg7 42. d7 Qxg2+ 43. Kxe3 Qg1+ 44. Kd3 Qb1+ 45. Ke3 Qc1+ 46.
Ke2 Qb2+ 47. Kf1 0-1

[Event "Liga Madrileña - DH 2013-2014"]
[Site "Madrid ESP"]
[Date "2014.01.11"]
[Round "5.14"]
[White "Moreno Ruiz, Javier"]
[Black "Dougan Maho, Harold"]
[Result "1-0"]
[WhiteElo "2470"]
[BlackElo "2221"]
[PlyCount "47"]
[EventDate "2013.11.18"]
[EventType "team-tourn"]
[EventRounds "14"]
[EventCountry "ESP"]
[Source "lmi"]
[SourceDate "2013.11.18"]
[WhiteTeam "Collado Villalba"]
[BlackTeam "64 Villalba"]
[WhiteTeamCountry "ESP"]
[BlackTeamCountry "ESP"]

1. d4 d5 2. c4 Bf5 3. cxd5 Bxb1 4. Qa4+ c6 5. dxc6 Nxc6 6. Rxb1 e5 7. Nf3 Bb4+
8. Bd2 Bxd2+ 9. Nxd2 Qxd4 10. Qxd4 Nxd4 11. e3 Nc2+ 12. Kd1 Nb4 13. Bc4 Nf6 14.
Ke2 O-O 15. Nf3 Rfe8 16. Rhd1 a6 17. Rbc1 h6 18. Bb3 Re7 19. Rc5 e4 20. Ne5
Rae8 21. Nxf7 Rxf7 22. Rc7 Nbd5 23. Rxd5 Nxd5 24. Bxd5 1-0

[Event "Liga Madrileña - DH 2013-2014"]
[Site "Madrid ESP"]
[Date "2014.01.11"]
[Round "5.15"]
[White "Blasco de la Cruz, Luis"]
[Black "Pena Gomez, Manuel"]
[Result "0-1"]
[WhiteElo "2002"]
[BlackElo "2417"]
[PlyCount "94"]
[EventDate "2013.11.18"]
[EventType "team-tourn"]
[EventRounds "14"]
[EventCountry "ESP"]
[Source "lmi"]
[SourceDate "2013.11.18"]
[WhiteTeam "64 Villalba"]
[BlackTeam "Collado Villalba"]
[WhiteTeamCountry "ESP"]
[BlackTeamCountry "ESP"]

1. e4 c5 2. Nf3 d6 3. d4 cxd4 4. Nxd4 Nf6 5. Nc3 a6 6. Bc4 e6 7. Bg5 Be7 8. Qf3
Qb6 9. Nb3 Nbd7 10. O-O Ne5 11. Qe2 Nxc4 12. Qxc4 O-O 13. a4 Bd7 14. a5 Qc6 15.
Qxc6 Bxc6 16. f3 Rac8 17. Rfd1 Rfd8 18. Nd4 Bd7 19. Rd2 Rc4 20. Nde2 Rdc8 21.
e5 Nd5 22. Bxe7 Nxe7 23. Rxd6 Be8 24. Rad1 Ng6 25. Rb6 Rb8 26. Rd4 Nxe5 27. f4
Rxd4 28. Nxd4 Nc4 29. Rb4 Nxa5 30. Kf2 Nc6 31. Nxc6 Bxc6 32. g3 Kf8 33. Ne2 Rc8
34. c3 b5 35. Ke3 Bd5 36. Rd4 Ke7 37. f5 Bc4 38. fxe6 fxe6 39. Rh4 h6 40. Nd4
Rc5 41. Nc2 e5 42. Nb4 a5 43. Nc2 Be6 44. Ne1 Bf5 45. Kd2 Rc6 46. Nf3 Rd6+ 47.
Ke2 g5 0-1

[Event "Liga Madrileña - DH 2013-2014"]
[Site "Madrid ESP"]
[Date "2014.01.11"]
[Round "5.16"]
[White "Ortega Ruiz, Jose Miguel"]
[Black "Perez Suchan, Saul Mario"]
[Result "1-0"]
[WhiteElo "2366"]
[BlackElo "1633"]
[PlyCount "53"]
[EventDate "2013.11.18"]
[EventType "team-tourn"]
[EventRounds "14"]
[EventCountry "ESP"]
[Source "lmi"]
[SourceDate "2013.11.18"]
[WhiteTeam "Collado Villalba"]
[BlackTeam "64 Villalba"]
[WhiteTeamCountry "ESP"]
[BlackTeamCountry "ESP"]

1. d4 Nf6 2. c4 d6 3. Nf3 g6 4. Nc3 Bg7 5. e4 O-O 6. Be2 c5 7. O-O Nh5 8. Be3
cxd4 9. Nxd4 Bxd4 10. Qxd4 Ng7 11. Nd5 Nc6 12. Qc3 f5 13. Bg5 fxe4 14. Rad1 Be6
15. c5 Bxd5 16. Rxd5 Rf5 17. Bh6 Qf8 18. Rxf5 gxf5 19. cxd6 exd6 20. Qb3+ d5
21. Qxb7 Ne7 22. Bg5 Re8 23. Rc1 Ne6 24. Bxe7 Qxe7 25. Qxd5 Qb4 26. Rc8 Qe1+
27. Bf1 1-0

[Event "Liga Madrileña - DH 2013-2014"]
[Site "Madrid ESP"]
[Date "2014.01.12"]
[Round "5.21"]
[White "Candela Perez, Jose"]
[Black "Anton Guijarro, David"]
[Result "0-1"]
[WhiteElo "2447"]
[BlackElo "2553"]
[PlyCount "113"]
[EventDate "2013.11.18"]
[EventType "team-tourn"]
[EventRounds "14"]
[EventCountry "ESP"]
[Source "lmi"]
[SourceDate "2013.11.18"]
[WhiteTeam "La Casa del Ajedrez"]
[BlackTeam "Virgen de Atocha"]
[WhiteTeamCountry "ESP"]
[BlackTeamCountry "ESP"]

1. d4 Nf6 2. c4 e6 3. Nf3 b6 4. a3 Bb7 5. Nc3 d5 6. cxd5 Nxd5 7. Qc2 Nxc3 8.
bxc3 Be7 9. e4 O-O 10. Bd3 c5 11. O-O cxd4 12. cxd4 Nc6 13. Be3 Rc8 14. Qe2 Na5
15. Rfb1 Qc7 16. Bd2 Rfd8 17. Bxa5 bxa5 18. Ba6 Rb8 19. Bxb7 Rxb7 20. Rc1 Qb6
21. Qd3 Rc7 22. h3 h6 23. Rxc7 Qxc7 24. Rb1 Qc6 25. Rb5 Qc1+ 26. Kh2 Bxa3 27.
e5 Bb4 28. Rb7 Qc6 29. Rxa7 Ra8 30. Rxa8+ Qxa8 31. Qb5 g6 32. h4 Kg7 33. Kg1
Qd5 34. Qa4 Qc4 35. Kh2 Qe2 36. Kg3 Qe4 37. Qb5 Qf5 38. d5 g5 39. hxg5 hxg5 40.
Kh2 g4 41. dxe6 gxf3 42. exf7 Kxf7 43. gxf3 Ke6 44. Qe8+ Kd5 45. Qb5+ Kd4 46.
Kg2 Qxe5 47. Qb6+ Kc3 48. Qa6 Qg5+ 49. Kf1 Qf5 50. Kg2 Kb3 51. Qe2 Qg6+ 52. Kh3
Qh7+ 53. Kg2 Qg8+ 54. Kh3 Qc4 55. Qd1+ Kb2 56. Qa4 Qb3 57. Qb5 0-1

[Event "Liga Madrileña - DH 2013-2014"]
[Site "Madrid ESP"]
[Date "2014.01.12"]
[Round "5.22"]
[White "Almagro Llanas, Pablo"]
[Black "Rojo Huerta, Gabriel"]
[Result "1/2-1/2"]
[WhiteElo "2467"]
[BlackElo "2373"]
[PlyCount "36"]
[EventDate "2013.11.18"]
[EventType "team-tourn"]
[EventRounds "14"]
[EventCountry "ESP"]
[Source "lmi"]
[SourceDate "2013.11.18"]
[WhiteTeam "Virgen de Atocha"]
[BlackTeam "La Casa del Ajedrez"]
[WhiteTeamCountry "ESP"]
[BlackTeamCountry "ESP"]

1. Nf3 Nf6 2. g3 g6 3. Bg2 Bg7 4. O-O O-O 5. d3 d6 6. c4 e5 7. Nc3 Nc6 8. Rb1
a5 9. a3 h6 10. b4 axb4 11. axb4 Be6 12. Nd2 Rb8 13. b5 Ne7 14. Ra1 Qd7 15. Ra7
Bh3 16. e3 Bxg2 17. Kxg2 Rfd8 18. Qf3 d5 1/2-1/2

[Event "Liga Madrileña - DH 2013-2014"]
[Site "Madrid ESP"]
[Date "2014.01.12"]
[Round "5.23"]
[White "Gallego Jimenez, Victoriano"]
[Black "Rubio Mejia, Luis Ignacio"]
[Result "0-1"]
[WhiteElo "2367"]
[BlackElo "2452"]
[PlyCount "78"]
[EventDate "2013.11.18"]
[EventType "team-tourn"]
[EventRounds "14"]
[EventCountry "ESP"]
[Source "lmi"]
[SourceDate "2013.11.18"]
[WhiteTeam "La Casa del Ajedrez"]
[BlackTeam "Virgen de Atocha"]
[WhiteTeamCountry "ESP"]
[BlackTeamCountry "ESP"]

1. c4 Nf6 2. Nc3 e5 3. Nf3 Nc6 4. g3 Bb4 5. Bg2 O-O 6. O-O e4 7. Ng5 Bxc3 8.
bxc3 Re8 9. f3 e3 10. d3 d5 11. Qb3 Na5 12. Qa3 c6 13. cxd5 cxd5 14. f4 Bg4 15.
Nf3 Nc6 16. h3 Bxf3 17. Bxf3 h5 18. Rb1 Qd7 19. Kh2 Rac8 20. Bb2 b6 21. c4 dxc4
22. Bxf6 gxf6 23. dxc4 Na5 24. Bd5 Nxc4 25. Qd3 Nd2 26. Qg6+ Kf8 27. Qh6+ Ke7
28. Qxh5 Rf8 29. Rf3 Nxf3+ 30. Qxf3 Rh8 31. Qxe3+ Kf8 32. Bg2 Kg7 33. Qb3 Qe6
34. Qb5 Rc2 35. Rb2 Rxb2 36. Qxb2 Qe3 37. Qb5 Re8 38. Qa6 Qf2 39. Qxa7 Rxe2 0-1

[Event "Liga Madrileña - DH 2013-2014"]
[Site "Madrid ESP"]
[Date "2014.01.12"]
[Round "5.24"]
[White "Rudolf, Anna"]
[Black "Bass, Leonid"]
[Result "0-1"]
[WhiteElo "2281"]
[BlackElo "2417"]
[PlyCount "76"]
[EventDate "2013.11.18"]
[EventType "team-tourn"]
[EventRounds "14"]
[EventCountry "ESP"]
[Source "lmi"]
[SourceDate "2013.11.18"]
[WhiteTeam "Virgen de Atocha"]
[BlackTeam "La Casa del Ajedrez"]
[WhiteTeamCountry "ESP"]
[BlackTeamCountry "ESP"]

1. e4 c6 2. Nc3 d5 3. Nf3 Bg4 4. h3 Bxf3 5. Qxf3 Nf6 6. g3 e6 7. Bg2 Be7 8. O-O
O-O 9. d3 a5 10. Qe2 a4 11. Kh2 a3 12. b3 Qa5 13. Nd1 Na6 14. Bd2 Qc5 15. c3
dxe4 16. d4 Qb5 17. Qxb5 cxb5 18. b4 Nc7 19. Re1 Rfc8 20. Rc1 Nce8 21. Bf4 Nd5
22. Rxe4 Nef6 23. Re2 Nxf4 24. gxf4 Bd6 25. Ne3 Bxf4+ 26. Kg1 Rc7 27. Rec2 Rac8
28. c4 Bxe3 29. fxe3 Rxc4 30. Rxc4 Rxc4 31. Rb1 Rc2 32. Rb3 Rxa2 33. Bxb7 g6
34. Ba6 Ra1+ 35. Kg2 a2 36. Ra3 Nd5 37. Bxb5 Nxb4 38. Bc4 Rc1 0-1

[Event "Liga Madrileña - DH 2013-2014"]
[Site "Madrid ESP"]
[Date "2014.01.12"]
[Round "5.25"]
[White "Suarez Uriel, Adrian"]
[Black "Rabadan Velasco, Raul"]
[Result "0-1"]
[WhiteElo "2254"]
[BlackElo "2280"]
[PlyCount "104"]
[EventDate "2013.11.18"]
[EventType "team-tourn"]
[EventRounds "14"]
[EventCountry "ESP"]
[Source "lmi"]
[SourceDate "2013.11.18"]
[WhiteTeam "La Casa del Ajedrez"]
[BlackTeam "Virgen de Atocha"]
[WhiteTeamCountry "ESP"]
[BlackTeamCountry "ESP"]

1. e4 g6 2. d4 Bg7 3. Be3 d6 4. f3 Nd7 5. Qd2 a6 6. h4 h6 7. Nh3 c5 8. Nf2 cxd4
9. Bxd4 Bxd4 10. Qxd4 Ngf6 11. Nc3 Qb6 12. O-O-O Qxd4 13. Rxd4 Ne5 14. Be2 Be6
15. Nd5 Bxd5 16. exd5 Rg8 17. f4 Ned7 18. Bf3 g5 19. hxg5 hxg5 20. g3 gxf4 21.
gxf4 O-O-O 22. Re1 Rg3 23. Be4 Rdg8 24. Bf5 Rg1 25. Kd2 Rxe1 26. Kxe1 Rg1+ 27.
Ke2 Kc7 28. Nh3 Ra1 29. Rc4+ Nc5 30. Ng5 Nxd5 31. Nxf7 b5 32. Rd4 Nb6 33. b4
Nca4 34. Ng5 Nc3+ 35. Kd2 Nxa2 36. Ne6+ Kb8 37. Nd8 Nc4+ 38. Ke2 Nxb4 39. c3
Ra2+ 40. Kf3 Nc2 41. Bxc2 Rxc2 42. Nc6+ Kc7 43. Nxe7 Rxc3+ 44. Ke4 Rc1 45. f5
Kd7 46. Nd5 Re1+ 47. Kf4 Ne5 48. Nf6+ Ke7 49. Nd5+ Kf7 50. Ne3 b4 51. Rxd6 Rxe3
52. Rxa6 Nc4 0-1

[Event "Liga Madrileña - DH 2013-2014"]
[Site "Madrid ESP"]
[Date "2014.01.12"]
[Round "5.26"]
[White "Kosmo, Santul"]
[Black "Unciti Juan, Javier"]
[Result "1-0"]
[WhiteElo "2237"]
[BlackElo "2152"]
[PlyCount "79"]
[EventDate "2013.11.18"]
[EventType "team-tourn"]
[EventRounds "14"]
[EventCountry "ESP"]
[Source "lmi"]
[SourceDate "2013.11.18"]
[WhiteTeam "Virgen de Atocha"]
[BlackTeam "La Casa del Ajedrez"]
[WhiteTeamCountry "ESP"]
[BlackTeamCountry "ESP"]

1. e4 e6 2. d4 d5 3. Nd2 c5 4. Ngf3 Nc6 5. c3 cxd4 6. cxd4 Bb4 7. e5 Nh6 8. Bd3
Nf5 9. O-O O-O 10. Nb3 Be7 11. Kh1 f6 12. g4 fxe5 13. dxe5 Nh6 14. Bxh6 gxh6
15. g5 hxg5 16. Nxg5 Bxg5 17. Qh5 Qe7 18. Rg1 Qf7 19. Rxg5+ Kh8 20. Rag1 Qxh5
21. Rxh5 Rf7 22. Rg3 b6 23. Rgh3 Kg8 24. Bxh7+ Kf8 25. Bg6 Rg7 26. Rh8+ Rg8 27.
Rxg8+ Kxg8 28. f4 Ba6 29. Kg2 Rf8 30. Kg3 d4 31. Be4 Bb5 32. Bxc6 Bxc6 33. Nxd4
Bd5 34. a3 Rc8 35. f5 exf5 36. Nxf5 Rc7 37. Kf4 Ba2 38. Rc3 Rf7 39. Kg5 Kh7 40.
Rh3+ 1-0

[Event "Liga Madrileña - DH 2013-2014"]
[Site "Madrid ESP"]
[Date "2014.01.12"]
[Round "5.31"]
[White "Alcazar Jimenez, Victor Manuel"]
[Black "Roa Alonso, Santiago"]
[Result "1-0"]
[WhiteElo "2368"]
[BlackElo "2401"]
[PlyCount "104"]
[EventDate "2013.11.18"]
[EventType "team-tourn"]
[EventRounds "14"]
[EventCountry "ESP"]
[Source "lmi"]
[SourceDate "2013.11.18"]
[WhiteTeam "Blanco y Negro"]
[BlackTeam "Vallecas CDV"]
[WhiteTeamCountry "ESP"]
[BlackTeamCountry "ESP"]

1. c4 e5 2. g3 Nc6 3. Bg2 f5 4. Nc3 Nf6 5. e3 Be7 6. Nge2 O-O 7. O-O d6 8. d4
Qe8 9. f4 e4 10. a3 Na5 11. b3 c6 12. Bd2 Bd8 13. Nc1 d5 14. c5 b6 15. Na4 Nb7
16. cxb6 axb6 17. Bb4 Rf7 18. Na2 Bd7 19. Rc1 c5 20. dxc5 Bxa4 21. bxa4 bxc5
22. Bxc5 Nxc5 23. Rxc5 Bb6 24. Rc3 Ng4 25. Re1 d4 26. exd4 Rd8 27. Rc4 Rxd4 28.
Rxd4 Qd7 29. Bf1 Bxd4+ 30. Kg2 Ne3+ 31. Rxe3 Bxe3 32. Qb3 Qd2+ 33. Kh3 g5 34.
Bc4 g4+ 35. Kh4 Qd8+ 36. Kh5 Qf6 37. Bxf7+ Qxf7+ 38. Qxf7+ Kxf7 39. Nc3 Ke6 40.
a5 Bd4 41. Ne2 Bc5 42. a6 e3 43. Kg5 Ba7 44. a4 Bc5 45. a5 Ba7 46. Kh6 Kd5 47.
Kxh7 Ke4 48. Kg6 Kf3 49. Nc3 Bd4 50. Kxf5 Bxc3 51. a7 e2 52. a8=Q+ Kf2 1-0

[Event "Liga Madrileña - DH 2013-2014"]
[Site "Madrid ESP"]
[Date "2014.01.12"]
[Round "5.32"]
[White "Martin Duque, Jesus"]
[Black "Bolado Saez, Sergio"]
[Result "1-0"]
[WhiteElo "2233"]
[BlackElo "2349"]
[PlyCount "101"]
[EventDate "2013.11.18"]
[EventType "team-tourn"]
[EventRounds "14"]
[EventCountry "ESP"]
[Source "lmi"]
[SourceDate "2013.11.18"]
[WhiteTeam "Vallecas CDV"]
[BlackTeam "Blanco y Negro"]
[WhiteTeamCountry "ESP"]
[BlackTeamCountry "ESP"]

1. e4 c5 2. Nf3 d6 3. Bb5+ Nd7 4. d4 Ngf6 5. Nc3 cxd4 6. Qxd4 e5 7. Qd3 h6 8.
Be3 Be7 9. O-O O-O 10. h3 Qc7 11. Nd2 Nc5 12. Qe2 a6 13. Bc4 Be6 14. Rfd1 b5
15. Bxc5 Qxc5 16. Bb3 Rab8 17. Nf1 a5 18. Ne3 a4 19. Ned5 Nxd5 20. Bxd5 a3 21.
Rd3 axb2 22. Rb1 b4 23. Na4 Qa7 24. Bb3 Bd7 25. Nxb2 Bb5 26. Bc4 Bxc4 27. Nxc4
Qxa2 28. Rdb3 Rfc8 29. Ne3 Bf8 30. R3b2 Qa5 31. Nd5 f5 32. c3 fxe4 33. Qxe4 Rb5
34. Qf5 Qa8 35. c4 Rb7 36. Qe6+ Kh8 37. Rxb4 Rxb4 38. Rxb4 Qc6 39. Kh2 Rd8 40.
Nf6 gxf6 41. Qxf6+ Kg8 42. Qxd8 Qe4 43. Qf6 Bg7 44. Rb8+ Kh7 45. Qf7 Qf4+ 46.
Qxf4 exf4 47. Kg1 Be5 48. Kf1 Kg6 49. Ke2 Kf5 50. Kf3 h5 51. Rf8+ 1-0

[Event "Liga Madrileña - DH 2013-2014"]
[Site "Madrid ESP"]
[Date "2014.01.12"]
[Round "5.33"]
[White "Alarcia Astriz, Carlos"]
[Black "Montanes Arribas, Adrian"]
[Result "1-0"]
[WhiteElo "2331"]
[BlackElo "2220"]
[PlyCount "95"]
[EventDate "2013.11.18"]
[EventType "team-tourn"]
[EventRounds "14"]
[EventCountry "ESP"]
[Source "lmi"]
[SourceDate "2013.11.18"]
[WhiteTeam "Blanco y Negro"]
[BlackTeam "Vallecas CDV"]
[WhiteTeamCountry "ESP"]
[BlackTeamCountry "ESP"]

1. e4 c5 2. Nf3 d6 3. d4 cxd4 4. Nxd4 Nf6 5. Nc3 a6 6. f4 e5 7. Nf3 Nbd7 8. Bd3
Be7 9. O-O O-O 10. Kh1 b5 11. a3 exf4 12. Bxf4 Nc5 13. Nd4 Bd7 14. Bg3 Rb8 15.
e5 dxe5 16. Bxe5 Nxd3 17. Qxd3 Rc8 18. Rad1 Bg4 19. Nf5 Bxd1 20. Nxe7+ Qxe7 21.
Bxf6 Rxc3 22. Qxc3 Qe2 23. Re1 Qxc2 24. Qg3 Qg6 25. Be7 Qxg3 26. hxg3 Bb3 27.
Bxf8 Kxf8 28. Re3 Be6 29. b4 Ke7 30. Rd3 Bc4 31. Rd2 Bb3 32. Kg1 Be6 33. Kf2
Bb3 34. Ke3 Bc4 35. Ke4 f6 36. Rd1 Be6 37. Rc1 Kd6 38. Rc5 g5 39. Kd4 h5 40.
Rc1 f5 41. Rc5 g4 42. Re5 Bc8 43. Re8 Bb7 44. Rh8 Bxg2 45. Rxh5 Be4 46. Rh6+
Kc7 47. Rxa6 Bc6 48. Kc5 1-0

[Event "Liga Madrileña - DH 2013-2014"]
[Site "Madrid ESP"]
[Date "2014.01.12"]
[Round "5.34"]
[White "Vazquez Quiroga, Manuel"]
[Black "Renteria Becerra, Jorge Elicer"]
[Result "0-1"]
[WhiteElo "2189"]
[BlackElo "2311"]
[PlyCount "39"]
[EventDate "2013.11.18"]
[EventType "team-tourn"]
[EventRounds "14"]
[EventCountry "ESP"]
[Source "lmi"]
[SourceDate "2013.11.18"]
[WhiteTeam "Vallecas CDV"]
[BlackTeam "Blanco y Negro"]
[WhiteTeamCountry "ESP"]
[BlackTeamCountry "ESP"]

1. f4 c5 2. Nf3 g6 3. c3 Bg7 4. d3 Nf6 5. e4 d6 6. Be3 O-O 7. Nbd2 Nc6 8. Qc2
Rb8 9. h3 b5 10. g4 b4 11. c4 a5 12. Be2 Bd7 13. g5 Nh5 14. Rg1 a4 15. Nh2 Nd4
16. Bxd4 Bxd4 17. O-O-O b3 18. axb3 axb3 19. Qb1 Nxf4 20. Bg4 0-1

[Event "Liga Madrileña - DH 2013-2014"]
[Site "Madrid ESP"]
[Date "2014.01.12"]
[Round "5.35"]
[White "Martinez Lozano, Miguel Angel"]
[Black "Madurga Lopez, Ignacio"]
[Result "0-1"]
[WhiteElo "2225"]
[BlackElo "2088"]
[PlyCount "162"]
[EventDate "2013.11.18"]
[EventType "team-tourn"]
[EventRounds "14"]
[EventCountry "ESP"]
[Source "lmi"]
[SourceDate "2013.11.18"]
[WhiteTeam "Blanco y Negro"]
[BlackTeam "Vallecas CDV"]
[WhiteTeamCountry "ESP"]
[BlackTeamCountry "ESP"]

1. e4 c5 2. Nf3 d6 3. d4 cxd4 4. Nxd4 Nf6 5. Nc3 Nc6 6. Nde2 g6 7. g3 Bg7 8.
Bg2 O-O 9. O-O Be6 10. h3 Rc8 11. Be3 Qa5 12. Qd2 Rfe8 13. f4 Bc4 14. Rfe1 b5
15. a3 Bxe2 16. Nxe2 Nd7 17. Qxa5 Nxa5 18. c3 Nc4 19. Bxa7 Nxb2 20. Reb1 Na4
21. Bd4 Nxc3 22. Bxc3 Bxc3 23. Ra2 Rc5 24. Nxc3 Rxc3 25. Kh2 Rb8 26. Bf1 Nc5
27. Rxb5 Ra8 28. Bg2 Rcxa3 29. Rxa3 Rxa3 30. e5 Rd3 31. Rb8+ Kg7 32. Re8 dxe5
33. Rxe7 exf4 34. gxf4 Ne6 35. f5 gxf5 36. Ra7 Rd2 37. Kg1 Kf6 38. Ra8 Rd8 39.
Ra6 h6 40. Rb6 Kg5 41. Rb5 Rd4 42. Rb7 Kf6 43. Rb5 Nf4 44. Rb6+ Kg5 45. Bf1 f6
46. Ra6 Rd1 47. Kf2 Rc1 48. Rb6 Rc2+ 49. Kg3 Rc3+ 50. Kh2 Rf3 51. Rb1 Kh4 52.
Rc1 Nxh3 53. Bxh3 Rxh3+ 54. Kg2 Ra3 55. Rc4+ Kg5 56. Rb4 h5 57. Rc4 Re3 58. Rb4
Re4 59. Rb8 f4 60. Rg8+ Kf5 61. Rh8 Re2+ 62. Kh3 Ke4 63. Rxh5 Kf3 64. Ra5 Re5
65. Ra3+ Re3 66. Ra6 Kf2+ 67. Kg4 f3 68. Rxf6 Re4+ 69. Kh3 Re8 70. Ra6 Kf1 71.
Kg3 f2 72. Ra1+ Re1 73. Ra2 Re3+ 74. Kh2 Re5 75. Ra1+ Ke2 76. Ra2+ Kf3 77. Ra3+
Re3 78. Ra1 Re1 79. Ra3+ Kf4 80. Ra4+ Ke5 81. Ra5+ Kd6 0-1

[Event "Liga Madrileña - DH 2013-2014"]
[Site "Madrid ESP"]
[Date "2014.01.12"]
[Round "5.36"]
[White "Montoya Pecurul, Marc"]
[Black "Garrido Olivares, Ricard"]
[Result "0-1"]
[WhiteElo "2092"]
[BlackElo "2216"]
[PlyCount "78"]
[EventDate "2013.11.18"]
[EventType "team-tourn"]
[EventRounds "14"]
[EventCountry "ESP"]
[Source "lmi"]
[SourceDate "2013.11.18"]
[WhiteTeam "Vallecas CDV"]
[BlackTeam "Blanco y Negro"]
[WhiteTeamCountry "ESP"]
[BlackTeamCountry "ESP"]

1. e4 c6 2. d4 d5 3. exd5 cxd5 4. Bd3 Nc6 5. c3 Qc7 6. Ne2 Bg4 7. f3 Bd7 8. Na3
a6 9. O-O e5 10. Nc2 Bd6 11. dxe5 Nxe5 12. Bf4 Ne7 13. Ncd4 O-O 14. Kh1 Rfe8
15. Bc2 N7c6 16. Nf5 Bxf5 17. Bxf5 g6 18. Bc2 Nc4 19. b3 Bxf4 20. bxc4 dxc4 21.
Nxf4 Qxf4 22. Be4 Qc7 23. Rb1 Re5 24. a4 Rd8 25. Qe2 Na5 26. Rfd1 f5 27. Qf2
fxe4 28. fxe4 Nc6 29. Rxd8+ Qxd8 30. Rxb7 Qd1+ 31. Qg1 Qxg1+ 32. Kxg1 Rxe4 33.
Rb6 Ne7 34. Rxa6 Re3 35. a5 Rxc3 36. Ra8+ Kf7 37. Rh8 h5 38. g4 hxg4 39. Rh4 g3
0-1

[Event "Liga Madrileña - DH 2013-2014"]
[Site "Madrid ESP"]
[Date "2014.01.12"]
[Round "5.41"]
[White "Valles Moreno, Ivan"]
[Black "Aranda Marin, Cristian"]
[Result "1/2-1/2"]
[WhiteElo "2373"]
[BlackElo "2303"]
[PlyCount "112"]
[EventDate "2013.11.18"]
[EventType "team-tourn"]
[EventRounds "14"]
[EventCountry "ESP"]
[Source "lmi"]
[SourceDate "2013.11.18"]
[WhiteTeam "Liberty Chess"]
[BlackTeam "San Fernando de Henares"]
[WhiteTeamCountry "ESP"]
[BlackTeamCountry "ESP"]

1. e4 e6 2. d4 d5 3. Nc3 Bb4 4. e5 b6 5. Qg4 Bf8 6. Nf3 Nc6 7. a3 Bb7 8. Bd3
Qd7 9. Ne2 h6 10. Bd2 O-O-O 11. h4 g6 12. Qf4 h5 13. Ng5 Nh6 14. O-O-O Kb8 15.
Kb1 Rc8 16. Rc1 Nd8 17. Rhd1 Nf5 18. f3 c5 19. dxc5 bxc5 20. c4 d4 21. g4 Nxh4
22. Qg3 hxg4 23. fxg4 Be7 24. Ne4 g5 25. Rf1 Rg8 26. Rf2 Bc6 27. Re1 Ka8 28.
Ng1 Rb8 29. Bc2 Qb7 30. Bc1 Ng6 31. Nh3 Nf4 32. Nxf4 gxf4 33. Rxf4 Bg5 34. Rf3
Bxc1 35. Rb3 Qe7 36. Rxb8+ Kxb8 37. Rxc1 Bxe4 38. Bxe4 Qg5 39. Re1 Kc7 40. Qb3
Qxe5 41. Qa4 Qd6 42. Qxa7+ Kc8 43. Rf1 Rxg4 44. Rf3 Qc7 45. Qa8+ Qb8 46. Qa6+
Kd7 47. Bc2 Ke7 48. Rb3 Qc7 49. Qa8 Rg8 50. Qe4 f5 51. Qh4+ Kf7 52. Bd1 Qe7 53.
Bh5+ Kf8 54. Qf4 Rg5 55. Bf3 e5 56. Qh2 e4 1/2-1/2

[Event "Liga Madrileña - DH 2013-2014"]
[Site "Madrid ESP"]
[Date "2014.01.12"]
[Round "5.42"]
[White "Fernandez Blazquez, Diego"]
[Black "Perez Gonzalez, Jose Manuel"]
[Result "0-1"]
[WhiteElo "2195"]
[BlackElo "2324"]
[PlyCount "136"]
[EventDate "2013.11.18"]
[EventType "team-tourn"]
[EventRounds "14"]
[EventCountry "ESP"]
[Source "lmi"]
[SourceDate "2013.11.18"]
[WhiteTeam "San Fernando de Henares"]
[BlackTeam "Liberty Chess"]
[WhiteTeamCountry "ESP"]
[BlackTeamCountry "ESP"]

1. c4 Nf6 2. g3 g6 3. Bg2 Bg7 4. Nf3 O-O 5. O-O c5 6. d4 cxd4 7. Nxd4 Nc6 8.
Nc3 Nxd4 9. Qxd4 d6 10. Qd3 a6 11. Bd2 Nd7 12. b3 Rb8 13. Rac1 b5 14. cxb5 axb5
15. Nd5 Ne5 16. Qc2 Bb7 17. Qc7 Bxd5 18. Bxd5 e6 19. Bg2 d5 20. Bb4 Qxc7 21.
Rxc7 Rfc8 22. Rfc1 Rxc7 23. Rxc7 Ra8 24. Bd6 Rd8 25. Be7 Re8 26. Bf1 Bf8 27.
Bxf8 Kxf8 28. Rb7 Ra8 29. Rxb5 Rxa2 30. Kg2 Ke7 31. Rb7+ Kd6 32. h3 d4 33. f4
Kc6 34. Rb4 d3 35. fxe5 dxe2 36. Kf2 exf1=Q+ 37. Kxf1 Kd5 38. Rf4 Ra7 39. Ke2
Kxe5 40. Kd3 Kd5 41. Rd4+ Kc5 42. Rc4+ Kb5 43. Kc3 e5 44. Rc8 Re7 45. Kd3 f5
46. g4 e4+ 47. Ke3 Kb4 48. gxf5 gxf5 49. Rf8 Re5 50. Rf7 h5 51. Kf4 e3 52. Kxe5
e2 53. Kxf5 e1=Q 54. Kg5 Qg3+ 55. Kxh5 Qxh3+ 56. Kg5 Kxb3 57. Rf4 Kc3 58. Rh4
Qg3+ 59. Rg4 Qe5+ 60. Kh4 Kd3 61. Rg3+ Ke4 62. Kh3 Kf4 63. Kg2 Qe4+ 64. Kh2 Qe1
65. Rg2 Kf3 66. Rg8 Qd2+ 67. Kh1 Qc1+ 68. Kh2 Qc2+ 0-1